Mentoring 2.0 : (Record no. 171127)

MARC details
000 -LEADER
fixed length control field 00574nam a2200181 4500
005 - DATE AND TIME OF LATEST TRANSACTION
control field 20200107111421.0
010 ## - LCCN (DPL NO)
LC control number ENG-127281
020 ## - INTERNATIONAL STANDARD BOOK NUMBER
International Standard Book Number 9789352807628
Terms of availability 450.00
035 ## - SYSTEM CONTROL NUMBER
System control number EN-110813
037 ## - SOURCE OF ACQUISITION
Source of stock number/acquisition DBAD/PUB
082 ## - DEWEY DECIMAL CLASSIFICATION NUMBER
Classification number 658.3124
100 ## - MAIN ENTRY--PERSONAL NAME
Personal name Sunil Unny Guptan
245 ## - TITLE STATEMENT
Title Mentoring 2.0 :
Statement of responsibility, etc by Sunil Unny Guptan
Remainder of title A Practitioners's Guide to Changing Lives /
260 ## - PUBLICATION, DISTRIBUTION, ETC. (IMPRINT)
Place of publication, distribution, etc New Delhi
Name of publisher, distributor, etc Sage
Date of publication, distribution, etc 2018
270 ## - ADDRESS
Address B1/1-1 Mohan cooperative Industrial Area Mathura road
City New Delhi
Postal code 110044
300 ## - PHYSICAL DESCRIPTION
Extent xxiv224p.
Dimensions 22cm(pbk)
942 ## - ADDED ENTRY ELEMENTS (KOHA)
Source of classification or shelving scheme Dewey Decimal Classification
Item type English Books
Classification part 658-3124
Call number suffix SUN
Holdings
Withdrawn status Lost status Not for loan Collection code Home library Current library Date acquired Source of acquisition Cost, normal purchase price Full call number Barcode Copy number Cost, replacement price Koha item type
      Non-fiction Shahdara Branch Shahdara Branch 07/01/2020 DBAD/PUB 450.00 658-3124 SUN EN-110813 1 450.00 English Books

© Delhi Public Library
Hit Counter
free hit counter